000 00505nam a2200133Ia 4500
008 200226s9999 xx 000 0 und d
020 _a978-1-63549-639-0
245 _cEdited by: Matthew Boswell.--
_aCommunication skills :
_bHow to master the art of communication /
260 _aNew York :
_bLarsen & Keller
_c2017
300 _avi , 228 pages :
_bcolor illustration ;
_c27 cm.
500 _aIncludes bibliographical references and index.
650 _aCommunication.
650 _aCommunicative competence.
999 _c362980
_d362980